Stability with growth: (Record no. 17164)

MARC details
000 -LEADER
fixed length control field 00803nam a22002177a 4500
005 - DATE AND TIME OF LATEST TRANSACTION
control field 2008102102282.0
008 - FIXED-LENGTH DATA ELEMENTS--GENERAL INFORMATION
fixed length control field 081021t xxu||||| |||| 00| 0 eng d
010 ## - LIBRARY OF CONGRESS CONTROL NUMBER
LC control number ENG-84202
020 ## - INTERNATIONAL STANDARD BOOK NUMBER
International Standard Book Number 0195688031
020 ## - INTERNATIONAL STANDARD BOOK NUMBER
Terms of availability 695.00 (hb)
035 ## - SYSTEM CONTROL NUMBER
System control number EN-67735
082 ## - DEWEY DECIMAL CLASSIFICATION NUMBER
Classification number 339.5
245 ## - TITLE STATEMENT
Title Stability with growth:
Remainder of title macroeconomics, liberalization and development /
Statement of responsibility, etc by Joseph E Stiglitz...[et al]
260 ## - PUBLICATION, DISTRIBUTION, ETC. (IMPRINT)
Place of publication, distribution, etc New Delhi
Name of publisher, distributor, etc Oxford University Press
260 ## - PUBLICATION, DISTRIBUTION, ETC. (IMPRINT)
Date of publication, distribution, etc 2006
300 ## - PHYSICAL DESCRIPTION
Extent xi,339p
Dimensions 23cm
500 ## - GENERAL NOTE
General note Includes bibliographical references and index
700 ## - ADDED ENTRY--PERSONAL NAME
Personal name Stiglitz, Joseph E
Titles and other words associated with a name jt auth
942 ## - ADDED ENTRY ELEMENTS (KOHA)
Source of classification or shelving scheme Dewey Decimal Classification
Koha item type English Books
Classification part 339.5
Call number suffix STA
Holdings
Withdrawn status Lost status Source of classification or shelving scheme Damaged status Not for loan Home library Current library Date acquired Cost, normal purchase price Total Checkouts Full call number Barcode Date last seen Cost, replacement price Price effective from Koha item type
    Dewey Decimal Classification   Not For Loan D.B.Act.Division D.B.Act.Division 27/02/2007 695.00   339.5 STA EN-67735 21/10/2008 695.00 21/10/2008 English Books

© Delhi Public Library
Hit Counter
free hit counter